| Registos Bibliográficos associados ao registo de autoridade |
|
Etiqueta de registo: 00000nam 2200025 450 001 1857583 003 http://id.bnportugal.gov.pt/bib/catbnp/1857583 100 ## $a20131203d2011 k y0pory01030103ba 101 0# $apor$deng 102 ## $aPT 105 ## $aa m 000yy 106 ## $ar 200 1# $aNova topologia de UPQC sem transformadores para compensação de problemas de qualidade
de energia elétrica$fJosé Gabriel Oliveira Pinto$gorient. João Luiz Afonso, Carlos Alberto Caridade Monteiro e Couto 210 #9 $aMinho$c[s.n.],$d2011 215 ## $aXXX, 240 p.$cil.$d30 cm 215 ## $a1 disco óptico (CD-ROM) em caixa$d13 x 14 x 1 cm 305 ## $aEd. impressa e em CD-ROM 320 ## $aBibliografia, p. 229-240 328 #1 $aTese dout. Engenharia Eletrónica e de Computadores, Escola de Engenharia, Univ. do
Minho, 2011 675 ## $a621.3.03(043)$vBN$zpor$31230243 675 ## $a621.31(043)$vBN$zpor$3341272 700 #1 $aPinto,$bJosé Gabriel Oliveira$31555551 702 #1 $aAfonso,$bJoão Luís$4727$31230798 702 #1 $aCouto,$bCarlos Alberto$4727$365758 801 #0 $aPT$bBN$gRPC 966 ## $lBN$mDEM$sS.A. 55515 P.$x1 966 ## $lBN$mFGMON$sS.A. 152459 V.$x1
Etiqueta de registo: 00000nam 2200025 450 001 2273888 003 http://id.bnportugal.gov.pt/bib/catbnp/2273888 100 ## $a20260302d2023 k y0pory01030103ba 101 0# $aeng$dpor 102 ## $aPT 105 ## $aa m 000yy 106 ## $ar 200 1# $aSmart Power Conditioners for Electric Railway Power Grids$fLuís André Magalhães de Barros$gorient. José Gabriel Oliveira Pinto, António José de Pina Martins 210 #9 $a[S.l.$cs.n.],$d2023 215 ## $aXXIX, 402 p.$d30 cm 328 #1 $aTese dout. Electronics and Computers Engineering (Power Electronics and Energy), Escola
de Engenharia, Universidade do Minho, 2023 700 #1 $aBarros,$bLuís André Magalhães de$31988109 702 #1 $aPinto,$bJosé Gabriel Oliveira$4727$31555551 702 #1 $aMartins,$bAntónio Pina$4727$31300154 801 #0 $aPT$bBN$gRPC 966 ## $lBN$mFGMON$x1 971 ## $corlando$d20260302
|
|
|